000 00243nam a2200097Ia 4500
008 230915s9999 xx 000 0 und d
050 _aPL 8702. T36 2003 V.2
100 _aKIMANI NJOGU
245 0 _aTANZU LA LUGHA KIDATO CHA PILI
942 _cBK
999 _c176089
_d176089